[Event "Egyptian Ch. 2009 Final"]
[Site ""]
[Date "2009.07.13"]
[Round "6"]
[Board "1"]
[White "Abou El Zein, Eid Mahmoud"]
[Black "Amin, Ashraf"]
[Result "1-0"]
[WhiteElo "2357"]
[BlackElo "2357"]
[PlyCount "147"]
[EventDate "2009.07.08"]
[EventRounds "9"]
[EventCountry "EGY"]

1.f4 d6 2.Nf3 e5 3.fxe5 dxe5 4.Nxe5 Bd6 5.Nf3 g5 6.g3 g4 7.Nh4 Ne7 8.Nc3 Ng6
9.Nxg6 hxg6 10.Ne4 Be7 11.d4 f5 12.Nf2 Nc6 13.c3 Bd6 14.Qd3 Bd7 15.Bg2 Qe7 16.h4
Qf7 17.Bg5 Be7 18.Bf4 O-O-O 19.d5 Bf6 20.O-O-O Rhe8 21.Rhe1 Ne5 22.Qd4 Kb8
23.Qb4 Bc8 24.d6 cxd6 25.Rxd6 Ka8 26.Ra6 Re6 27.Ra4 Qc7 28.Rd1 Bd7 29.Ra5 Be7
30.Bxe5 Rxe5 31.Qxb7+ Qxb7 32.Bxb7+ Kxb7 33.Rxe5 Bf8 34.e3 Kc6 35.Red5 Bh6
36.R5d3 a5 37.b3 Bf8 38.Kb2 Bc5 39.a3 Bb6 40.b4 axb4 41.axb4 Bc7 42.e4 Bb6
43.Rd6+ Kc7 44.Rxb6 Kxb6 45.exf5 gxf5 46.c4 Kc7 47.Re1 f4 48.Rg1 Bf5 49.Kc3 f3
50.Rd1 Re8 51.Rd5 Bc8 52.Rg5 Re2 53.Nxg4 f2 54.Rg7+ Kd6 55.c5+ Kc6 56.Rg6+ Kc7
57.Nxf2 Rxf2 58.b5 Bb7 59.Rg7+ Kb8 60.h5 Rh2 61.g4 Rh3+ 62.Kd2 Rg3 63.h6 Be4
64.h7 Bxh7 65.Rxh7 Rxg4 66.Kc3 Rf4 67.Rd7 Kc8 68.Rd4 Rf1 69.Rh4 Rb1 70.Kc4 Rc1+
71.Kd5 Rg1 72.Rh6 Kb7 73.Rh7+ Kb8 74.b6

[Event "Egyptian Ch. 2009 Final"]
[Site ""]
[Date "2009.07.13"]
[Round "6"]
[Board "1"]
[White "Ezat, Mohamed"]
[Black "Amin, Bassem"]
[Result "1-0"]
[WhiteElo "2459"]
[BlackElo "2551"]
[PlyCount "65"]
[EventDate "2009.07.08"]
[EventRounds "9"]
[EventCountry "EGY"]

1.d4 Nf6 2.c4 e6 3.Nc3 Bb4 4.Bg5 h6 5.Bh4 c5 6.d5 Bxc3+ 7.bxc3 d6 8.e3 e5 9.Bd3
e4 10.Bc2 Nbd7 11.Ne2 Qe7 12.O-O g5 13.Bg3 Ne5 14.Qb1 Bg4 15.Bxe5 Qxe5 16.Ng3
O-O-O 17.Qb5 Kb8 18.Rab1 Bc8 19.Rb2 b6 20.Rfb1 Bb7 21.a4 h5 22.a5 h4 23.Nf1 h3
24.g3 Qf5 25.Bd1 Nd7 26.Nd2 Qe5 27.Ba4 f5 28.axb6 a6 29.Qa5 Qf6 30.Bc6 Ne5
31.Ra2 Nxc6 32.dxc6 Bxc6 33.b7

[Event "Egyptian Ch. 2009 Final"]
[Site ""]
[Date "2009.07.13"]
[Round "6"]
[Board "1"]
[White "El Gindy, Essam"]
[Black "Wageih, Kareim"]
[Result "1/2-1/2"]
[WhiteElo "2501"]
[BlackElo "2253"]
[PlyCount "53"]
[EventDate "2009.07.08"]
[EventRounds "9"]
[EventCountry "EGY"]

1.d4 d5 2.c4 c6 3.e3 Nf6 4.Nf3 g6 5.Nc3 Bg7 6.Be2 O-O 7.O-O dxc4 8.Bxc4 Bg4 9.h3
Bxf3 10.Qxf3 Nbd7 11.e4 e5 12.d5 Nb6 13.Bb3 cxd5 14.Nxd5 Nbxd5 15.Rd1 Qe7
16.exd5 Ne8 17.Be3 Nd6 18.Bc5 f5 19.Qe2 e4 20.f3 Be5 21.fxe4 fxe4 22.Rf1 b6
23.Bxd6 Bxd6 24.Qg4 Qe5 25.Qe6+ Kg7 26.Qxe5+ Bxe5 27.Rad1

[Event "Egyptian Ch. 2009 Final"]
[Site ""]
[Date "2009.07.14"]
[Round "7"]
[Board "1"]
[White "Wageih, Kareim"]
[Black "Sadek, Sameh"]
[Result "1/2-1/2"]
[WhiteElo "2253"]
[BlackElo "2384"]
[PlyCount "120"]
[EventDate "2009.07.08"]
[EventRounds "9"]
[EventCountry "EGY"]

1.d4 d5 2.c4 c6 3.Nf3 Nf6 4.e3 a6 5.Nbd2 b5 6.b3 Bg4 7.Qc2 Nbd7 8.Bd3 e6 9.O-O
Bd6 10.Bb2 Qb8 11.Rac1 O-O 12.h3 Bh5 13.Ng5 Bg6 14.Bxg6 hxg6 15.cxd5 cxd5 16.f4
Nb6 17.Ngf3 Rc8 18.Qd3 Rxc1 19.Rxc1 Qb7 20.Ne5 Bxe5 21.dxe5 Ne4 22.Nxe4 dxe4
23.Qd4 Nd5 24.Qxe4 Rc8 25.Kh2 Rxc1 26.Bxc1 Qc7 27.Bd2 Kf8 28.Qd3 g5 29.g3 gxf4
30.gxf4 Kg8 31.e4 Ne7 32.h4 Qc5 33.Kg2 Nc6 34.Qc3 Qb6 35.Be3 Qb7 36.Qc5 Ne7
37.Kf3 Nf5 38.Bf2 Kh7 39.h5 Kh6 40.Qb6 Qxb6 41.Bxb6 Ne7 42.Kg4 Nc6 43.Be3 Nb4
44.f5+ Kh7 45.a3 Nd3 46.Bd4 a5 47.Kg5 b4 48.axb4 axb4 49.f6 Nc1 50.fxg7 Kxg7
51.Bc5 Nxb3 52.Bxb4 Nd4 53.h6+ Kg8 54.Bc3 Ne2 55.Be1 Nd4 56.Kf6 Nf3 57.Bg3 Nd2
58.h7+ Kxh7 59.Kxf7 Nxe4 60.Kxe6 Nxg3

[Event "Egyptian Ch. 2009 Final"]
[Site ""]
[Date "2009.07.14"]
[Round "7"]
[Board "1"]
[White "Amin, Ashraf"]
[Black "Ezat, Mohamed"]
[Result "0-1"]
[WhiteElo "2357"]
[BlackElo "2459"]
[PlyCount "68"]
[EventDate "2009.07.08"]
[EventRounds "9"]
[EventCountry "EGY"]

1.c4 Nf6 2.Nc3 g6 3.g3 Bg7 4.Bg2 O-O 5.Nf3 c5 6.d4 d6 7.d5 a6 8.a4 e6 9.O-O exd5
10.cxd5 b6 11.Nd2 Ra7 12.Nc4 Re8 13.Bf4 Bf8 14.e4 Rb7 15.Qd3 b5 16.axb5 axb5
17.Na5 Rb6 18.Rfe1 Bd7 19.b4 cxb4 20.Na2 Ra6 21.Nb3 Ra4 22.Nac1 Ng4 23.h3 Ne5
24.Bxe5 Rxe5 25.Rb1 Bg7 26.Nd4 Qb6 27.Nc2 Na6 28.Qd2 Re8 29.Nxb4 Nxb4 30.Rxb4
Qa5 31.Nd3 Rc8 32.Qf4 Rxb4 33.Qxd6 Rb3 34.Qxd7 Rd8

[Event "Egyptian Ch. 2009 Final"]
[Site ""]
[Date "2009.07.15"]
[Round "8"]
[Board "1"]
[White "Sadek, Sameh"]
[Black "Adly, Ahmed"]
[Result "0-1"]
[WhiteElo "2384"]
[BlackElo "2548"]
[PlyCount "150"]
[EventDate "2009.07.08"]
[EventRounds "9"]
[EventCountry "EGY"]

1.d4 Nf6 2.Nf3 g6 3.c4 Bg7 4.Nc3 O-O 5.e3 c5 6.dxc5 Na6 7.Be2 Nxc5 8.O-O b6
9.Nd4 Bb7 10.b4 Nce4 11.Nxe4 Nxe4 12.Bb2 d5 13.f3 Nd6 14.cxd5 Bxd5 15.e4 Bb7
16.Qd2 Rc8 17.Rac1 Qd7 18.b5 Rxc1 19.Rxc1 Rc8 20.Rxc8+ Qxc8 21.Nb3 Bxb2 22.Qxb2
Qc7 23.Qc1 Qxc1+ 24.Nxc1 Bc8 25.Kf2 f6 26.Ke3 e5 27.Kd2 Kf7 28.Kc3 Be6 29.a4 Ke7
30.Kb4 g5 31.a5 g4 32.axb6 axb6 33.fxg4 Nxe4 34.Nd3 h6 35.Bf3 Nd6 36.Nb2 Bd7
37.Be2 Kd8 38.Na4 Kc7 39.Nc3 Be6 40.Bf3 Kd7 41.Bc6+ Kd8 42.h3 f5 43.gxf5 Nxf5
44.Bd5 Bd7 45.g4 Ne3 46.Be4 Be6 47.Na4 Kc7 48.Nb2 Kd6 49.Na4 Bd5 50.Bxd5 Nxd5+
51.Kc4 e4 52.h4 Ke5 53.g5 hxg5 54.hxg5 e3 55.Kd3 Kf4 56.Ke2 Ke4 57.g6 Nf4+
58.Kd1 Kf3 59.g7 e2+ 60.Kd2 Ng2 61.g8=Q e1=Q+ 62.Kc2 Ne3+ 63.Kb2 Qd2+ 64.Ka3
Nc2+ 65.Kb3 Nd4+ 66.Ka3 Qd3+ 67.Ka2 Qd2+ 68.Ka3 Nxb5+ 69.Kb3 Nd4+ 70.Ka3 b5
71.Qf7+ Kg3 72.Qg8+ Kf2 73.Qf8+ Ke1 74.Qe7+ Kd1 75.Nb6 Qc3+

[Event "Egyptian Ch. 2009 Final"]
[Site ""]
[Date "2009.07.15"]
[Round "8"]
[Board "1"]
[White "Abou El Zein, Eid Mahmoud"]
[Black "Frhat, Ali"]
[Result "0-1"]
[WhiteElo "2357"]
[BlackElo "2397"]
[PlyCount "64"]
[EventDate "2009.07.08"]
[EventRounds "9"]
[EventCountry "EGY"]

1.f4 d5 2.Nf3 Nf6 3.e3 g6 4.b3 Bg7 5.Bb2 c5 6.Bb5+ Bd7 7.Qe2 O-O 8.Bxd7 Qxd7
9.O-O Nc6 10.d3 d4 11.e4 b5 12.a4 a6 13.Nbd2 Ng4 14.Ba3 Nb4 15.Rfc1 Rac8 16.axb5
axb5 17.Bxb4 cxb4 18.Nf1 Rc3 19.h3 Nf6 20.Qd2 Qc7 21.e5 Nd5 22.Nxd4 Qc5 23.Qf2
Nxf4 24.Ng3 Nxd3 25.cxd3 Rxc1+ 26.Rxc1 Qxc1+ 27.Kh2 Bxe5 28.Nde2 Qc2 29.Qe3 Bd6
30.h4 Qxb3 31.h5 Qd5 32.Kg1 b3

[Event "Egyptian Ch. 2009 Final"]
[Site ""]
[Date "2009.07.15"]
[Round "8"]
[Board "1"]
[White "El Gindy, Essam"]
[Black "Amin, Ashraf"]
[Result "1/2-1/2"]
[WhiteElo "2501"]
[BlackElo "2357"]
[PlyCount "118"]
[EventDate "2009.07.08"]
[EventRounds "9"]
[EventCountry "EGY"]

1.d4 e6 2.c4 Nf6 3.Nf3 Bb4+ 4.Bd2 Qe7 5.g3 Nc6 6.Nc3 Bxc3 7.Bxc3 Ne4 8.Rc1 O-O
9.Bg2 d6 10.O-O Nxc3 11.Rxc3 e5 12.d5 Nb8 13.b4 a5 14.Ra3 Bd7 15.Qd2 a4 16.Rc1
Na6 17.Ne1 f5 18.Nd3 e4 19.Nf4 g5 20.Ne6 Bxe6 21.dxe6 c5 22.b5 Nc7 23.f3 Nxe6
24.fxe4 f4 25.Qd5 Kh8 26.e3 fxe3 27.Rxe3 Nd4 28.e5 b6 29.Qxd6 Qxd6 30.exd6 Rad8
31.Rf1 Rxf1+ 32.Kxf1 Rxd6 33.Re8+ Kg7 34.Re7+ Kh8 35.Kf2 Rf6+ 36.Kg1 Nf3+
37.Bxf3 Rxf3 38.Re6 Rc3 39.Rxb6 Rxc4 40.Rc6 Rc1+ 41.Kg2 Rc2+ 42.Kh3 Rxa2 43.Rxc5
Rb2 44.Rxg5 a3 45.Rc5 a2 46.Rc8+ Kg7 47.Ra8 Rxb5 48.Rxa2 Rb4 49.Ra6 Rb2 50.g4
Rc2 51.Kg3 Rc3+ 52.Kh4 Rc2 53.h3 Rc3 54.g5 Rb3 55.Kg4 Rb4+ 56.Kh5 Rb7 57.Ra4 Rc7
58.h4 Rb7 59.Kg4 h6

[Event "Egyptian Ch. 2009 Final"]
[Site ""]
[Date "2009.07.15"]
[Round "8"]
[Board "1"]
[White "Wageih, Kareim"]
[Black "Amin, Bassem"]
[Result "0-1"]
[WhiteElo "2253"]
[BlackElo "2551"]
[PlyCount "78"]
[EventDate "2009.07.08"]
[EventRounds "9"]
[EventCountry "EGY"]

1.d4 e6 2.c4 Nf6 3.Nf3 Bb4+ 4.Nbd2 b6 5.a3 Bxd2+ 6.Bxd2 Bb7 7.Bg5 h6 8.Bh4 d6
9.e3 Nbd7 10.Be2 Qe7 11.O-O g5 12.Bg3 h5 13.h4 Ne4 14.Nxg5 Nxg5 15.hxg5 h4
16.Bh2 Qxg5 17.Bf3 Bxf3 18.Qxf3 Ke7 19.Bf4 Qg6 20.e4 Rag8 21.e5 dxe5 22.Bxe5
Nxe5 23.dxe5 Rh5 24.Kh1 Rxe5 25.Rg1 Qe4 26.Qh3 Rf5 27.Rae1 Qf4 28.Ref1 Qxc4
29.Rc1 Qf4 30.Rc3 c5 31.Rf3 Qg4 32.Qxg4 Rxg4 33.Rxf5 exf5 34.f3 Rd4 35.Re1+ Kd6
36.Re2 a5 37.Kh2 b5 38.Re8 b4 39.a4 b3

[Event "Egyptian Ch. 2009 Final"]
[Site ""]
[Date "2009.07.16"]
[Round "9"]
[Board "1"]
[White "Amin, Bassem"]
[Black "Sadek, Sameh"]
[Result "1-0"]
[WhiteElo "2551"]
[BlackElo "2384"]
[PlyCount "120"]
[EventDate "2009.07.08"]
[EventRounds "9"]
[EventCountry "EGY"]

1.e4 c5 2.Nf3 e6 3.d3 d5 4.Nbd2 Nc6 5.g3 Nf6 6.Bg2 Be7 7.O-O O-O 8.Re1 b5 9.e5
Nd7 10.Nf1 a5 11.h4 b4 12.Bf4 a4 13.a3 bxa3 14.bxa3 Ba6 15.Ne3 Rb8 16.c4 dxc4
17.Nxc4 Nb6 18.Nxb6 Rxb6 19.Re3 c4 20.Ng5 h6 21.Be4 cxd3 22.Qh5 Nd4 23.Bh7+ Kh8
24.Bxd3 Qe8 25.Bxa6 Rxa6 26.Rd3 Nb3 27.Rad1 f5 28.Qxe8 Rxe8 29.Nf7+ Kg8 30.Nd6
Rd8 31.Nxf5 Rxd3 32.Nxe7+ Kf7 33.Rxd3 Kxe7 34.Rc3 Nd4 35.Rc7+ Kf8 36.Be3 Nf3+
37.Kg2 Nxe5 38.Bd4 Nf7 39.Rc8+ Ke7 40.Bxg7 e5 41.Bf8+ Kd7 42.Rc4 Ra8 43.Bb4 Ra6
44.Kf3 h5 45.Ke3 Rf6 46.Bc3 Ra6 47.Rb4 Ke6 48.Rb5 Rc6 49.Kd3 Kf5 50.f3 Rd6+
51.Ke2 Rg6 52.Be1 Re6 53.Ra5 Nd6 54.Rxa4 e4 55.Ra5+ Kg6 56.Rg5+ Kh6 57.Bb4 exf3+
58.Kxf3 Ne4 59.Bf8+ Kh7 60.Rxh5+ Kg8

[Event "Egyptian Ch. 2009 Final"]
[Site ""]
[Date "2009.07.16"]
[Round "9"]
[Board "1"]
[White "El Ghazali, Youssef M"]
[Black "El Gindy, Essam"]
[Result "1-0"]
[WhiteElo "2362"]
[BlackElo "2501"]
[PlyCount "59"]
[EventDate "2009.07.08"]
[EventRounds "9"]
[EventCountry "EGY"]

1.c4 c5 2.Nc3 Nc6 3.g3 g6 4.Bg2 Bg7 5.Nf3 e5 6.d3 d6 7.a3 a5 8.O-O Nge7 9.Rb1
O-O 10.Ne1 Nf5 11.Nc2 Nfd4 12.Ne3 f5 13.Ned5 f4 14.e3 fxe3 15.fxe3 Rxf1+ 16.Qxf1
Nb3 17.Nb5 Ne7 18.Nf6+ Kh8 19.Ne4 Ra6 20.Ng5 Kg8 21.Qf7+ Kh8 22.Bxb7 Bxb7 23.Ne6
Qg8 24.Qxe7 Bc8 25.Nbc7 Rb6 26.Nxg7 Qxg7 27.Qd8+ Qg8 28.Ne8 Qf8 29.Qxc8 Qf3
30.Nf6+

[Event "Egyptian Ch. 2009 Final"]
[Site ""]
[Date "2009.07.16"]
[Round "9"]
[Board "1"]
[White "Frhat, Ali"]
[Black "Ezat, Mohamed"]
[Result "1/2-1/2"]
[WhiteElo "2397"]
[BlackElo "2459"]
[PlyCount "25"]
[EventDate "2009.07.08"]
[EventRounds "9"]
[EventCountry "EGY"]

1.c4 Nf6 2.Nf3 g6 3.d4 Bg7 4.Nc3 O-O 5.g3 Nc6 6.Bg2 d6 7.O-O Bg4 8.Be3 Nd7 9.Rc1
e5 10.d5 Bxf3 11.exf3 Ne7 12.f4 Bh6 13.fxe5

[Event "Egyptian Ch. 2009 Final"]
[Site ""]
[Date "2009.07.16"]
[Round "9"]
[Board "1"]
[White "Adly, Ahmed"]
[Black "Abou El Zein, Eid Mahmoud"]
[Result "1-0"]
[WhiteElo "2548"]
[BlackElo "2357"]
[PlyCount "145"]
[EventDate "2009.07.08"]
[EventRounds "9"]
[EventCountry "EGY"]

1.d4 d5 2.Nf3 Nf6 3.g3 Bf5 4.Bg2 h6 5.O-O e6 6.c4 c6 7.Nc3 Be7 8.Qb3 Qb6 9.c5
Qxb3 10.axb3 O-O 11.b4 Ne4 12.Nd2 Nxc3 13.bxc3 Nd7 14.e4 dxe4 15.Nxe4 a6 16.c4
Nf6 17.Nxf6+ Bxf6 18.Be3 Rfd8 19.Rfd1 Rac8 20.b5 axb5 21.cxb5 Bg4 22.Rd2 e5
23.d5 e4 24.dxc6 bxc6 25.Rxd8+ Rxd8 26.Rb1 cxb5 27.Bxe4 Be5 28.Rxb5 f5 29.Bc2
Bf3 30.c6 Ra8 31.Bxf5 Ra1+ 32.Rb1 Rxb1+ 33.Bxb1 Bxc6 34.Bg6 Bf3 35.Bc5 h5 36.h4
Bc3 37.Kf1 Kh8 38.Kg1 Kg8 39.Kh2 Kh8 40.Kh3 Kg8 41.Kh2 Kh8 42.Ba7 Kg8 43.Bb6 Kh8
44.Bc5 Kg8 45.Kh3 Kh8 46.Bf5 Kg8 47.g4 Bxg4+ 48.Bxg4 hxg4+ 49.Kxg4 Kf7 50.h5 Kg8
51.Kg5 Kh7 52.Be3 Bf6+ 53.Kf5 Bc3 54.f3 Bb2 55.Ke6 Bc3 56.Bf4 Bb2 57.Kf7 Bc3
58.Bg5 Bb2 59.f4 Bc1 60.Ke6 Bd2 61.Kf5 Bc3 62.Be7 Bb2 63.Kg5 Bc3 64.Bd6 Bf6+
65.Kf5 Bc3 66.Be5 Bb4 67.Ke6 Be1 68.f5 Bd2 69.Kf7 Bh6 70.Bd4 Bd2 71.Bxg7 Bb4
72.h6 Bd2 73.Ke6